000 00455 a2200157 4500
020 _a9780399254703
020 _a0399254706
041 _aspa
100 _aCarle, Eric
245 _aLa oruga muy hambrienta = The very hungry caterpillar / by Eric Carle
260 _aNew York : Philomel Books, 1994.
300 _a1 volume (unpaged) : color illustrations ;
_c13 x 18 cm.
440 _aWorld of Eric Carle
500 _aOn board pages.
942 _cBK
999 _c24729
_d24729